True or False - 50 U.S. States - Statistics

General Stats
  • This quiz has been taken 32 times
    27 since last reset
  • The average score is 28 of 50
Answer Stats
Question Answer % Correct
Mississippi has the highest poverty rate of the states. True
86%
The capital of Montana is Pierre. False
82%
New York has the longest life expectancy. False
82%
Virginia was the first state to become a state. False
77%
Memphis is the capital of Tennessee. False
77%
Atlanta is the capital of Georgia. True
77%
Vermont produces more maple syrup than any of the states. True
77%
Idaho does not border Canada. False
73%
The largest city in Nebraska is Lincoln. False
73%
California has the longest coastline of the states. False
73%
Maine has the highest ethnic white population percentage of the states. True
73%
North Carolina only legally recognizes 2 sexes. True
73%
The northernmost and southernmost points of Rhode Island are less than 100 kilometres away from each other. True
73%
Washington is the largest producer of apples in the United States. True
73%
The capital of Arkansas, Little Rock, is located near the geographical centre of Arkansas. True
73%
Knoxville is located in Kentucky. False
68%
Texas has a higher GDP than Mexico. True
68%
Wyoming is the least populous state. True
68%
Colorado has no income tax. False
64%
Pennsylvania has a coastline. False
64%
South Carolina is nicknamed the "Tar Heel State". False
64%
Missouri became a state during the 1820s. True
64%
New Jersey is the most densely populated state. True
64%
There are only around 80 islands in Ohio. False
59%
Alaska is the only state to ban billboards. False
59%
Over 1000 U.S. nuclear tests have occurred in Nevada. True
59%
Delaware has fewer counties than any other state. True
59%
New Hampshire is ranked the safest state in America. True
59%
The majority of Hawaiians live on the island of Oahu. True
59%
Indiana has a national park. True
55%
Fenway Park, the oldest Major League Baseball stadium still in use, is located in New Haven, Connecticut. False
50%
New Mexico does not border any Mexican states other than Chihuahua. False
50%
About 50% of Louisianan land is below sea level. True
50%
Iowa used to be part of a district known as French Louisiana. True
50%
Route 66 passes through Kansas. True
50%
The KRDK-TV mast, which is the tallest structure in the U.S, is located in North Dakota. True
50%
The city of Chesapeake is located in Maryland. False
45%
More than half of Oklahoma's southern border is formed by the Oklahoma River. False
45%
Wisconsin has a higher population than Norway. True
45%
The national flower of Utah is the Sego lily. True
45%
Michigan borders Lake Superior, Lake Michigan, Lake Huron and Lake Ontario. False
36%
Florida is the state with the lowest average elevation. False
32%
Minnesota has the northernmost point of the contiguous states. True
32%
West Virginia is the only state to have declined in population since the 1980s. True
32%
Illinois has the most interstate highways out of the states. False
27%
There is no confirmed etymology to Alabama, but it is believed to mean "animal hunter" in a local folk language. False
27%
Oregon has the second largest population of Native Americans out of the states. True
27%
South Dakota has had less than 5 school shootings in history. False
18%
Massachusetts has the second highest percentage of adults with a Bachelors degree out of the states. False
9%
Over 40% of Arizona is covered by desert. False
5%
No matching quizzes found
Score Distribution
Percent of People with Each Score
Percentile by Number Answered
Your Score History
You have not taken this quiz since the last reset